00533nam a22001817a 450000500170000001000150001702000260003203500140005803700130007208200060008510000330009124500600012426000500018427000550023430000270028965000120031670000230032820180425155333.0 aENG-122664 a9789386582492c250.00 aEN-106196 bDBAD/PUB aN aGrossmith, George and Weedon aThe diary of a nobody /cby George and Weedon Grossmith aNew Delhi bSpeaking Tiger Publicationsc2017 a4381/4, Ansari Road, Daryaganj,bNew Delhie110002 a184p.c22cm(pbk)bill. aFiction aGrossmith, Weedon